| 000 | 00615nam a22002177a 4500 | ||
|---|---|---|---|
| 003 | OSt | ||
| 005 | 20140310183027.0 | ||
| 008 | 130216t xxu||||| |||| 00| 0 eng d | ||
| 020 | _a9712321886 | ||
| 050 |
_aLB 41 _b.B682 1998 |
||
| 100 | _aBotor, Celeste O. | ||
| 245 |
_aEssays in philosophy of education II : glimpses of education in the Philippines, China, Libya and the USA _cCeleste O. Botor. |
||
| 260 |
_aManila _bRex Book Store _c1998. |
||
| 300 |
_a96 p. : _c22 cm. |
||
| 521 | _aEDU | ||
| 650 | _aEducation | ||
| 650 | _aPhilosophy | ||
| 942 |
_2lcc _cBK _kLOC |
||
| 999 |
_c18410 _d18410 |
||